[Event "Moscow Aeroflot op-A"]
[Site "Moscow"]
[Date "2024.03.04"]
[Round "3"]
[White "Poormosavi, Seyed Kian"]
[Black "Timofeev, Artyom"]
[Result "0-1"]
[WhiteElo "2384"]
[BlackElo "2564"]
[PlyCount "124"]
[EventDate "2024.03.03"]
[EventType "swiss"]
[EventRounds "9"]
[EventCountry "RUS"]
[SourceTitle "CB11_2024"]
[SourceDate "2024.03.13"]
[SourceVersion "1"]
[SourceVersionDate "2024.03.13"]
[SourceQuality "1"]

1. Nf3 c5 2. g3 g6 3. Bg2 Bg7 4. c4 Nc6 5. Nc3 d6 6. 0-0 Bf5 7. d3 Qd7 8. Rb1 Nf6 9. a3 Bh3 10. b4 Bxg2 11. Kxg2 0-0 12. e3 Rfd8 13. Qe2 Ng4 14. Bd2 b6 15. h3 Nf6 16. b5 Ne5 17. Ne1 Qb7+ 18. e4 a6 19. f4 Ned7 20. Nc2 axb5 21. Nxb5 Ne8 22. Bc3 Ndf6 23. Qf3 e6 24. g4 Qe7 25. Ne3 Nd7 26. Bxg7 Kxg7 27. Rb3 h6 28. h4 Qxh4 29. Rh1 Qe7 30. Qh3 h5 31. gxh5 Nef6 32. Qh4 Rh8 33. Qg5 Rag8 34. e5 dxe5 35. fxe5 Nd5 36. h6+ Kh7 37. Qxe7 Nxe7 38. Ng4 Nf5 39. Nc3 g5 40. Ne4 Kg6 41. h7 Rd8 42. a4 Nh4+ 43. Kf2 Rxh7 44. Rg1 Rh5 45. Ng3 Rhh8 46. Ne4 Nf5 47. Rbb1 Rh3 48. Rbd1 Nd4 49. Rg3 Rxg3 50. Nxg3 Nc6 51. Re1 Rh8 52. Kg2 Kg7 53. Re2 Ra8 54. Re1 Rxa4 55. Kf3 Kg6 56. Ke4 b5 57. Rh1 bxc4 58. Rh6+ Kg7 59. Nh5+ Kf8 60. Rh8+ Ke7 61. Ng7 cxd3+ 62. Ke3 Ndxe5 0-1

[Event "Moscow Aeroflot op-A"]
[Site "Moscow"]
[Date "2024.03.03"]
[Round "1"]
[White "Klukin, Kirill"]
[Black "Timofeev, Artyom"]
[Result "1/2-1/2"]
[WhiteElo "2389"]
[BlackElo "2564"]
[PlyCount "60"]
[EventDate "2024.03.03"]
[EventType "swiss"]
[EventRounds "9"]
[EventCountry "RUS"]
[SourceTitle "CB11_2024"]
[SourceDate "2024.03.13"]
[SourceVersion "1"]
[SourceVersionDate "2024.03.13"]
[SourceQuality "1"]

1. d4 d5 2. c4 c6 3. Nf3 Nf6 4. Nc3 e6 5. e3 Nbd7 6. Qc2 Bd6 7. Bd3 0-0 8. 0-0 dxc4 9. Bxc4 c5 10. dxc5 Bxc5 11. a3 b6 12. Qe2 Bb7 13. Ba6 Bxa6 14. Qxa6 Be7 15. Nd4 Qc8 16. Qe2 Ne5 17. Bd2 Qb7 18. Rfd1 Rac8 19. Rac1 a6 20. Na2 b5 21. Bb4 Nd5 22. Bxe7 Qxe7 23. a4 bxa4 24. Qxa6 Ra8 25. Qe2 Qb7 26. Nc3 Nxc3 27. Rxc3 Rfc8 28. Rdc1 Rxc3 29. Rxc3 g6 30. h3 Rb8 1/2-1/2

[Event "Ufa Startsev Memorial"]
[Site "Ufa"]
[Date "2024.02.10"]
[Round "7"]
[White "Timofeev, Artyom"]
[Black "Khripachenko, Alexander"]
[Result "1/2-1/2"]
[WhiteElo "2566"]
[BlackElo "2258"]
[PlyCount "119"]
[EventDate "2024.02.06"]
[EventType "swiss"]
[EventRounds "9"]
[EventCountry "RUS"]
[SourceTitle "CB07_2024"]
[SourceDate "2024.02.14"]
[SourceVersion "1"]
[SourceVersionDate "2024.02.14"]
[SourceQuality "1"]

1. e4 c5 2. Nf3 e6 3. d4 cxd4 4. Nxd4 Nc6 5. Nc3 Qc7 6. Be3 a6 7. a3 b5 8. Nxc6 Qxc6 9. h4 Bb7 10. h5 Rc8 11. Bd4 h6 12. Rh3 Qc7 13. Qe2 Nf6 14. e5 Nd5 15. Nxd5 Bxd5 16. 0-0-0 b4 17. axb4 Bxb4 18. Bc3 Qb8 19. Bxb4 Qxb4 20. Qd2 Qb7 21. Ra3 Rb8 22. Qd4 0-0 23. Bxa6 Qc7 24. Rdd3 Rb6 25. Rdc3 Qb8 26. Rg3 Rb4 27. c4 Bxc4 28. Bxc4 Rxc4+ 29. Qxc4 Rc8 30. Qxc8+ Qxc8+ 31. Rgc3 Qb7 32. f3 Qb5 33. g4 Qxe5 34. b4 Qf4+ 35. Kc2 Qxb4 36. Ra8+ Kh7 37. Rcc8 g6 38. g5 Qd4 39. hxg6+ Kxg6 40. Rg8+ Kh7 41. gxh6 Qf2+ 42. Kb1 Qf1+ 43. Kc2 Qe2+ 44. Kc1 Qe1+ 45. Kc2 Qe2+ 46. Kc1 Kxh6 47. Ra4 Qe1+ 48. Kc2 Qe2+ 49. Kc1 Kh7 50. Rag4 Qf1+ 51. Kc2 Qf2+ 52. Kc1 Qe3+ 53. Kc2 Qf2+ 54. Kc1 Qxf3 55. R4g7+ Kh6 56. Rg3 Qf1+ 57. Kd2 Qf2+ 58. Kd1 Qf1+ 59. Kd2 Qf2+ 60. Kd1 1/2-1/2

[Event "Ufa Startsev Memorial Rapid"]
[Site "Ufa"]
[Date "2024.02.05"]
[Round "7"]
[White "Timofeev, Artyom"]
[Black "Khripachenko, Alexander"]
[Result "1/2-1/2"]
[WhiteElo "2566"]
[BlackElo "2258"]
[PlyCount "125"]
[EventDate "2024.02.04"]
[EventType "swiss (rapid)"]
[EventRounds "11"]
[EventCountry "RUS"]
[SourceTitle "CB07_2024"]
[SourceDate "2024.02.14"]
[SourceVersion "1"]
[SourceVersionDate "2024.02.14"]
[SourceQuality "1"]

1. Nf3 d5 2. e3 Nf6 3. c4 e6 4. b3 c5 5. Bb2 Nc6 6. cxd5 exd5 7. Bb5 Bd6 8. 0-0 0-0 9. d4 cxd4 10. Nxd4 Bc7 11. Nd2 Qd6 12. g3 Bh3 13. Re1 Bb6 14. Nxc6 bxc6 15. Bf1 Bxf1 16. Rxf1 Rfd8 17. Rc1 c5 18. Qf3 Nd7 19. Rfd1 Qe6 20. Qf4 h6 21. Kg2 Rac8 22. h3 a5 23. Nf3 Nf8 24. Qe5 Qxe5 25. Nxe5 Ne6 26. Rc2 f6 27. Nf3 a4 28. Rcd2 axb3 29. axb3 Nc7 30. Kf1 Kf7 31. Ke2 Ra8 32. g4 Ra5 33. Rc2 Rb5 34. Nd2 Ra8 35. Bc3 Ne6 36. Ra1 Rd8 37. Rca2 Rb8 38. Ra6 Rb7 39. R6a4 Ke7 40. h4 Bc7 41. Ra7 Kd7 42. Rxb7 Rxb7 43. Ra6 Rb6 44. Ra8 Rb8 45. Ra7 Kc6 46. Ra4 Bb6 47. Ra2 h5 48. g5 fxg5 49. hxg5 d4 50. Bb2 Nxg5 51. Nc4 Bc7 52. exd4 cxd4 53. Bxd4 Ne6 54. Ra6+ Kd7 55. Be5 Rxb3 56. Bxc7 Nxc7 57. Ne5+ Ke7 58. Ra7 Rc3 59. Kd2 Rc5 60. Nd3 Rc6 61. Ne5 Rc5 62. Nd3 Rc6 63. Ne5 1/2-1/2

[Event "Ufa Startsev Memorial Blitz"]
[Site "Ufa"]
[Date "2024.02.03"]
[Round "2"]
[White "Danilenko, Denis O"]
[Black "Timofeev, Artyom"]
[Result "0-1"]
[WhiteElo "2043"]
[BlackElo "2566"]
[PlyCount "50"]
[EventDate "2024.02.03"]
[EventType "swiss (blitz)"]
[EventRounds "13"]
[EventCountry "RUS"]
[SourceTitle "CB07_2024"]
[SourceDate "2024.02.14"]
[SourceVersion "1"]
[SourceVersionDate "2024.02.14"]
[SourceQuality "1"]

1. c4 e5 2. Nc3 Nf6 3. g3 Bc5 4. Bg2 d6 5. e3 0-0 6. Nge2 Bb6 7. 0-0 c6 8. d4 Qe7 9. b3 Rd8 10. Ba3 Qe8 11. Qc2 Bg4 12. dxe5 dxe5 13. Rad1 Nbd7 14. Na4 Bc7 15. f3 Be6 16. Bd6 Bxd6 17. Rxd6 b5 18. Nb2 Nb6 19. Rxd8 Rxd8 20. cxb5 cxb5 21. e4 b4 22. Rd1 Rc8 23. Qd2 Qb5 24. Bf1 Nbd7 25. Nd4 Qb6 0-1

[Event "Titled Tuesday intern op 14th Nov Early"]
[Site "Chess.com INT"]
[Date "2023.11.14"]
[Round "1"]
[White "Pourkashiyan, Atousa"]
[Black "Timofeev, Artyom"]
[Result "1-0"]
[WhiteElo "2259"]
[BlackElo "2572"]
[PlyCount "173"]
[EventDate "2023.11.14"]
[EventType "swiss (blitz)"]
[EventRounds "11"]
[EventCountry "USA"]
[SourceTitle "CB47_2023"]
[SourceDate "2023.11.22"]
[SourceVersion "1"]
[SourceVersionDate "2023.11.22"]
[SourceQuality "1"]

1. e4 c6 2. d4 d5 3. exd5 cxd5 4. Bd3 Nc6 5. c3 Nf6 6. Ne2 g6 7. 0-0 Bg7 8. Bg5 0-0 9. Nd2 h6 10. Bh4 Bf5 11. Bxf5 gxf5 12. Nf4 Qd6 13. Nh5 Nxh5 14. Qxh5 Qg6 15. Qf3 e6 16. Bg3 Kh7 17. Qf4 Bf6 18. Nf3 Rg8 19. Qc7 Rg7 20. Qxb7 Rag8 21. Qxc6 f4 22. Rae1 fxg3 23. fxg3 h5 24. Rf2 Qg4 25. Qc7 h4 26. Nxh4 Bxh4 27. gxh4 Qxh4 28. Re3 f5 29. Qe5 f4 30. Ref3 Rg4 31. Qxe6 R8g5 32. Qe7+ Kh6 33. Qf6+ Kh7 34. Qe7+ Kh6 35. Re2 Qh5 36. Re6+ Rg6 37. Qf8+ Kh7 38. Re7+ Rg7 39. Rxg7+ Rxg7 40. Qxf4 Qg6 41. Qf5 Qxf5 42. Rxf5 Rb7 43. b4 Rc7 44. Rf3 Kg6 45. Kf2 a5 46. a3 a4 47. Rg3+ Kf5 48. Rf3+ Ke4 49. Re3+ Kf4 50. g3+ Kg4 51. Kg2 Kf5 52. Kf3 Kf6 53. h4 Kg6 54. g4 Rf7+ 55. Kg3 Rf1 56. h5+ Kg5 57. Re5+ Kh6 58. Rxd5 Ra1 59. Rd6+ Kh7 60. g5 Rxa3 61. Kf4 Rxc3 62. Rd7+ Kg8 63. Ra7 a3 64. Kf5 Rb3 65. d5 Rxb4 66. Rxa3 Rb6 67. Ra8+ Kg7 68. Ra7+ Kg8 69. g6 Rd6 70. Kg5 Rxd5+ 71. Kh6 Rd8 72. Rg7+ Kh8 73. Rf7 Kg8 74. Rf5 Rd1 75. Ra5 Rd8 76. Kg5 Rc8 77. h6 Rd8 78. Re5 Rb8 79. Kf6 Rb6+ 80. Re6 Rb8 81. h7+ Kh8 82. Kg5 Rb5+ 83. Kh6 Rh5+ 84. Kxh5 Kg7 85. Re7+ Kf6 86. Re8 Kf5 87. h8Q 1-0

[Event "Titled Tuesday intern op 14th Nov Early"]
[Site "Chess.com INT"]
[Date "2023.11.14"]
[Round "6"]
[White "Timofeev, Artyom"]
[Black "Martinez Ramirez, Lennis"]
[Result "1-0"]
[WhiteElo "2572"]
[BlackElo "2461"]
[PlyCount "113"]
[EventDate "2023.11.14"]
[EventType "swiss (blitz)"]
[EventRounds "11"]
[EventCountry "USA"]
[SourceTitle "CB47_2023"]
[SourceDate "2023.11.22"]
[SourceVersion "1"]
[SourceVersionDate "2023.11.22"]
[SourceQuality "1"]

1. c4 e5 2. e3 Nf6 3. Nc3 c6 4. Nf3 e4 5. Nd4 Bc5 6. d3 d5 7. cxd5 cxd5 8. dxe4 dxe4 9. Nb3 Qxd1+ 10. Kxd1 Bd6 11. h3 a6 12. g4 Be5 13. Bg2 Bxc3 14. bxc3 h6 15. Nd2 Bd7 16. Nxe4 Nxe4 17. Bxe4 Bc6 18. Bxc6+ Nxc6 19. Ke2 h5 20. Ba3 Ne5 21. Bc5 0-0-0 22. Bd4 Rde8 23. a4 Rh6 24. Rag1 hxg4 25. hxg4 Rg6 26. g5 Nc6 27. f4 Rge6 28. Rh3 g6 29. Kd3 Kc7 30. Rf1 Rd6 31. Kc2 Rd5 32. Rh7 Nxd4+ 33. exd4 Rf5 34. Kd3 Kc6 35. c4 b5 36. cxb5+ axb5 37. a5 Kd5 38. a6 Re4 39. Ra1 Rxd4+ 40. Ke3 Re4+ 41. Kd2 Re8 42. a7 Ra8 43. Ke3 Kc6 44. Ra6+ Kb7 45. Rf6 Rxf6 46. gxf6 Rf8 47. Kd4 Kxa7 48. Kc5 Ka6 49. Kd6 b4 50. Ke7 Rb8 51. Kxf7 b3 52. Rh1 b2 53. Rb1 Rb4 54. Kxg6 Rxf4 55. Rxb2 Rg4+ 56. Kf7 Rg2 57. Rxg2 1-0

[Event "Titled Tuesday intern op 14th Nov Early"]
[Site "Chess.com INT"]
[Date "2023.11.14"]
[Round "7"]
[White "Timofeev, Artyom"]
[Black "Vlassov, Nikolai"]
[Result "1-0"]
[WhiteElo "2572"]
[BlackElo "2283"]
[PlyCount "51"]
[EventDate "2023.11.14"]
[EventType "swiss (blitz)"]
[EventRounds "11"]
[EventCountry "USA"]
[SourceTitle "CB47_2023"]
[SourceDate "2023.11.22"]
[SourceVersion "1"]
[SourceVersionDate "2023.11.22"]
[SourceQuality "1"]

1. c4 e5 2. e3 Nf6 3. Nc3 Nc6 4. d3 Bb4 5. Bd2 0-0 6. Nf3 Re8 7. Be2 a5 8. 0-0 h6 9. Nd5 Bd6 10. Bc3 Nxd5 11. cxd5 Ne7 12. e4 Ng6 13. g3 c6 14. d4 Qf6 15. dxe5 Nxe5 16. Nd4 cxd5 17. f4 dxe4 18. fxe5 Qxe5 19. Bc4 Rf8 20. Nf5 Qc5+ 21. Kh1 Bxg3 22. Qg4 Be5 23. Nxh6+ Kh7 24. Nxf7 Bxc3 25. Qh4+ Kg6 26. Rg1+ 1-0

[Event "RUS-chT Rapid"]
[Site "Sochi"]
[Date "2023.10.18"]
[Round "1.9"]
[White "Gubajdullin, Alexey"]
[Black "Timofeev, Artyom"]
[Result "1/2-1/2"]
[WhiteElo "2253"]
[BlackElo "2576"]
[PlyCount "29"]
[EventDate "2023.10.18"]
[EventType "team-swiss (rapid)"]
[EventRounds "9"]
[EventCountry "RUS"]
[SourceTitle "Mega2024 Update 01"]
[Source "Chessbase"]
[SourceDate "2023.11.12"]
[SourceVersion "1"]
[SourceVersionDate "2023.11.12"]
[SourceQuality "1"]
[WhiteTeam "Moscow Krasnye Vorota"]
[BlackTeam "Tatarstan Ladya"]
[WhiteTeamCountry "RUS"]
[BlackTeamCountry "RUS"]

1. d4 d5 2. Nf3 Nf6 3. Bf4 e6 4. e3 Bd6 5. Bg3 0-0 6. Nbd2 c5 7. c3 b6 8. Ne5 Bb7 9. Bd3 Qc7 10. f4 Ne4 11. Qc2 f5 12. Nxe4 fxe4 13. Be2 cxd4 14. exd4 Nc6 15. Qd2 1/2-1/2

[Event "RUS-chT Rapid"]
[Site "Sochi"]
[Date "2023.10.18"]
[Round "2.9"]
[White "Timofeev, Artyom"]
[Black "Lazavik, Denis"]
[Result "1/2-1/2"]
[WhiteElo "2576"]
[BlackElo "2560"]
[PlyCount "62"]
[EventDate "2023.10.18"]
[EventType "team-swiss (rapid)"]
[EventRounds "9"]
[EventCountry "RUS"]
[SourceTitle "Mega2024 Update 01"]
[Source "Chessbase"]
[SourceDate "2023.11.12"]
[SourceVersion "1"]
[SourceVersionDate "2023.11.12"]
[SourceQuality "1"]
[WhiteTeam "Tatarstan Ladya"]
[BlackTeam "Belarus"]
[WhiteTeamCountry "RUS"]
[BlackTeamCountry "BLR"]

1. e4 e5 2. Nf3 Nc6 3. Bb5 Nf6 4. 0-0 Nxe4 5. Re1 Nd6 6. Nxe5 Be7 7. Bf1 Nxe5 8. Rxe5 0-0 9. d4 Bf6 10. Re1 Re8 11. c3 Rxe1 12. Qxe1 Ne8 13. Bf4 d5 14. Bd3 g6 15. Nd2 Ng7 16. Nf3 Bf5 17. Bxf5 Nxf5 18. Qe2 c6 19. Re1 Ng7 20. Be5 Ne6 21. Bxf6 Qxf6 22. Ne5 Re8 23. Ng4 Qd8 24. Qe5 Ng7 25. Qxe8+ Nxe8 26. Rxe8+ Qxe8 27. Nf6+ Kf8 28. Nxe8 Kxe8 29. f4 f5 30. h4 h5 31. b4 b5 1/2-1/2

[Event "RUS-chT Blitz"]
[Site "Sochi"]
[Date "2023.10.17"]
[Round "4.6"]
[White "Smirnov, Pavel"]
[Black "Timofeev, Artyom"]
[Result "1/2-1/2"]
[WhiteElo "2538"]
[BlackElo "2576"]
[PlyCount "45"]
[EventDate "2023.10.17"]
[EventType "team-swiss (blitz)"]
[EventRounds "13"]
[EventCountry "RUS"]
[SourceTitle "Mega2024 Update 01"]
[Source "Chessbase"]
[SourceDate "2023.11.12"]
[SourceVersion "1"]
[SourceVersionDate "2023.11.12"]
[SourceQuality "1"]
[WhiteTeam "Moscow Region Kuban"]
[BlackTeam "Tatarstan Ladya MK"]
[WhiteTeamCountry "RUS"]
[BlackTeamCountry "RUS"]

1. d4 d5 2. c4 c6 3. Nf3 Nf6 4. e3 Bf5 5. Nc3 e6 6. Nh4 Be4 7. f3 Bg6 8. Qb3 Qc7 9. Bd2 Nbd7 10. cxd5 Nxd5 11. Nxd5 exd5 12. Nxg6 hxg6 13. 0-0-0 a5 14. h3 a4 15. Qc2 a3 16. b3 Qb6 17. Kb1 Bb4 18. Bd3 Bxd2 19. Qxd2 Qa5 20. Qc2 0-0-0 21. Rhe1 Kb8 22. Qd2 Qxd2 23. Rxd2 1/2-1/2

[Event "RUS-ch Blitz"]
[Site "Sochi"]
[Date "2023.10.14"]
[Round "4"]
[White "Novikov, Stanislav"]
[Black "Timofeev, Artyom"]
[Result "0-1"]
[WhiteElo "2528"]
[BlackElo "2576"]
[PlyCount "82"]
[EventDate "2023.10.14"]
[EventType "swiss (blitz)"]
[EventRounds "13"]
[EventCountry "RUS"]
[SourceTitle "Mega2024 Update 01"]
[Source "Chessbase"]
[SourceDate "2023.11.12"]
[SourceVersion "1"]
[SourceVersionDate "2023.11.12"]
[SourceQuality "1"]

1. e4 e5 2. Nf3 Nf6 3. Nxe5 d6 4. Nf3 Nxe4 5. Nc3 Nf6 6. d4 g6 7. h3 Bg7 8. Bd3 0-0 9. 0-0 b6 10. Ne4 Nbd7 11. Re1 Bb7 12. c3 Re8 13. Bg5 h6 14. Bxf6 Nxf6 15. Qc2 Nd5 16. Bb5 Re7 17. Ned2 Nf4 18. Kh2 a6 19. Bf1 c5 20. g3 Ne6 21. dxc5 bxc5 22. Bg2 Qc7 23. Rad1 d5 24. Nb3 a5 25. Nc1 a4 26. Nd3 a3 27. b3 c4 28. bxc4 dxc4 29. Nb4 Qc5 30. Re3 Rae8 31. Rde1 Bf6 32. Qd2 Kg7 33. Qc2 h5 34. h4 Nc7 35. Rxe7 Rxe7 36. Rxe7 Qxe7 37. Qd2 Nb5 38. Nd4 Bxg2 39. Kxg2 Bxd4 40. Qf4 Qxb4 41. Qe5+ Kh7 0-1

[Event "RUS-ch Blitz"]
[Site "Sochi"]
[Date "2023.10.14"]
[Round "7"]
[White "Timofeev, Artyom"]
[Black "Pogosian, Manvel"]
[Result "1-0"]
[WhiteElo "2576"]
[BlackElo "2339"]
[PlyCount "58"]
[EventDate "2023.10.14"]
[EventType "swiss (blitz)"]
[EventRounds "13"]
[EventCountry "RUS"]
[SourceTitle "Mega2024 Update 01"]
[Source "Chessbase"]
[SourceDate "2023.11.12"]
[SourceVersion "1"]
[SourceVersionDate "2023.11.12"]
[SourceQuality "1"]

1. e4 c6 2. Nf3 d5 3. d3 Bg4 4. Nbd2 e6 5. Be2 Nd7 6. 0-0 Bd6 7. h3 Bh5 8. d4 Ne7 9. b3 0-0 10. Bb2 c5 11. c4 cxd4 12. Nxd4 Bg6 13. Bf3 Ne5 14. exd5 exd5 15. cxd5 Nxf3+ 16. Qxf3 Nxd5 17. Nc4 Bc5 18. Rad1 Qg5 19. Ne2 Rad8 20. Ne5 Nf6 21. Nxg6 hxg6 22. Nf4 Rxd1 23. Rxd1 Re8 24. Nd3 Bb6 25. Bxf6 gxf6 26. b4 Kg7 27. a4 Rd8 28. a5 Bd4 29. Qxb7 Qh5 1-0

[Event "RUS-ch Blitz"]
[Site "Sochi"]
[Date "2023.10.14"]
[Round "1"]
[White "Timofeev, Artyom"]
[Black "Shkuratov, Vladimir"]
[Result "0-1"]
[WhiteElo "2576"]
[BlackElo "2272"]
[PlyCount "160"]
[EventDate "2023.10.14"]
[EventType "swiss (blitz)"]
[EventRounds "13"]
[EventCountry "RUS"]
[SourceTitle "Mega2024 Update 01"]
[Source "Chessbase"]
[SourceDate "2023.11.12"]
[SourceVersion "1"]
[SourceVersionDate "2023.11.12"]
[SourceQuality "1"]

1. Nf3 Nf6 2. g3 g6 3. Bg2 Bg7 4. d4 0-0 5. 0-0 d6 6. Nc3 Nc6 7. e4 e5 8. dxe5 dxe5 9. Bg5 Be6 10. h3 h6 11. Be3 Qxd1 12. Rfxd1 Rfd8 13. a3 a6 14. Kf1 Ne8 15. Rxd8 Rxd8 16. Rd1 Rxd1+ 17. Nxd1 Nd6 18. Nd2 Nc4 19. Nxc4 Bxc4+ 20. Ke1 Be6 21. Kd2 h5 22. Nc3 Nd4 23. Nd5 Bxd5 24. exd5 Nf5 25. Ba7 Bf8 26. a4 Nd6 27. Bb8 Ne8 28. d6 Nxd6 29. Bxc7 b5 30. a5 f6 31. Bd5+ Kg7 32. Kd3 f5 33. f3 Kf6 34. b3 Ke7 35. c4 bxc4+ 36. bxc4 Kd7 37. Bb6 Nc8 38. Be3 Bb4 39. Bf7 Ne7 40. Bb6 Be1 41. g4 e4+ 42. fxe4 fxg4 43. hxg4 hxg4 44. e5 Nc6 45. Ke4 Bxa5 46. Be3 Bc7 47. e6+ Ke7 48. Bg5+ Kf8 49. Bxg6 g3 50. Be3 g2 51. Bh5 Bh2 52. Bc5+ Ne7 53. Be2 g1Q 54. Bxg1 Bxg1 55. Ke5 Bc5 56. Bd1 a5 57. Kf6 Bd4+ 58. Kg5 Nc6 59. Ba4 Nb4 60. Kf5 Ke7 61. Bd7 Ba1 62. Ke4 Na6 63. Kd5 Nc7+ 64. Kc6 Nxe6 65. Bxe6 Kxe6 66. Kb5 Bc3 67. c5 Kd7 68. c6+ Kc7 69. Kc5 Bb4+ 70. Kb5 Be1 71. Kc5 a4 72. Kc4 Kxc6 73. Kd3 Kb5 74. Kc2 Bh4 75. Kb2 Bf6+ 76. Ka2 Kb4 77. Kb1 Kb3 78. Kc1 a3 79. Kb1 a2+ 80. Kc1 a1Q+ 0-1

[Event "RUS-ch Blitz"]
[Site "Sochi"]
[Date "2023.10.14"]
[Round "6"]
[White "Zverev, Lev"]
[Black "Timofeev, Artyom"]
[Result "1/2-1/2"]
[WhiteElo "2322"]
[BlackElo "2576"]
[PlyCount "82"]
[EventDate "2023.10.14"]
[EventType "swiss (blitz)"]
[EventRounds "13"]
[EventCountry "RUS"]
[SourceTitle "Mega2024 Update 01"]
[Source "Chessbase"]
[SourceDate "2023.11.12"]
[SourceVersion "1"]
[SourceVersionDate "2023.11.12"]
[SourceQuality "1"]

1. e4 e5 2. Nf3 Nf6 3. Nxe5 d6 4. Nf3 Nxe4 5. d4 d5 6. Bd3 Bd6 7. 0-0 0-0 8. c4 c6 9. Nc3 Nxc3 10. bxc3 dxc4 11. Bxc4 Nd7 12. a4 h6 13. h3 Nb6 14. Bb3 Bf5 15. a5 Nd5 16. Bd2 Qf6 17. a6 b5 18. c4 bxc4 19. Bxc4 Rab8 20. Re1 Rfe8 21. Qa4 Nb6 22. Qb3 Nxc4 23. Qxc4 Bxh3 24. Ne5 Bxe5 25. dxe5 Qg6 26. Qe4 Bf5 27. Qf3 Rb2 28. Be3 Be4 29. Qh3 Rxe5 30. Bd4 Bf5 31. Qh2 Rxe1+ 32. Rxe1 Ra2 33. Qb8+ Kh7 34. Re8 Qg4 35. Rh8+ Kg6 36. Qe5 Qd1+ 37. Kh2 Qh5+ 38. Kg1 Qd1+ 39. Kh2 Qh5+ 40. Kg1 Qd1+ 41. Kh2 Qh5+ 1/2-1/2

[Event "RUS-ch 76th"]
[Site "St Petersburg"]
[Date "2023.10.05"]
[Round "5"]
[White "Timofeev, Artyom"]
[Black "Najer, Evgeniy"]
[Result "1/2-1/2"]
[WhiteElo "2576"]
[BlackElo "2648"]
[PlyCount "21"]
[EventDate "2023.10.01"]
[EventType "tourn"]
[EventRounds "11"]
[EventCountry "RUS"]
[EventCategory "15"]
[SourceTitle "EXT 2024"]
[Source "ChessBase"]
[SourceDate "2023.10.10"]
[SourceVersion "1"]
[SourceVersionDate "2023.10.10"]
[SourceQuality "1"]

1. e4 e5 2. Nf3 Nc6 3. Bc4 Bc5 4. 0-0 Nf6 5. d3 d6 6. a3 a6 7. h3 Be6 8. Bxe6 fxe6 9. Be3 Bxe3 10. fxe3 0-0 11. Nbd2 1/2-1/2

[Event "Titled Tuesday intern op 26th Sep Early"]
[Site "Chess.com INT"]
[Date "2023.09.26"]
[Round "4"]
[White "Bagwe, Gaurang"]
[Black "Timofeev, Artyom"]
[Result "0-1"]
[WhiteElo "2348"]
[BlackElo "2576"]
[PlyCount "118"]
[EventDate "2023.09.26"]
[EventType "swiss (blitz)"]
[EventRounds "11"]
[EventCountry "USA"]
[SourceTitle "EXT 2024"]
[Source "ChessBase"]
[SourceDate "2023.10.10"]
[SourceVersion "1"]
[SourceVersionDate "2023.10.10"]
[SourceQuality "1"]

1. e4 e6 2. d4 d5 3. Nc3 dxe4 4. Nxe4 Nd7 5. Nf3 Ngf6 6. Ng3 c5 7. c3 cxd4 8. Nxd4 Bc5 9. Nb3 Bb6 10. Be2 0-0 11. 0-0 Qc7 12. a4 a5 13. Qc2 Ne5 14. Bg5 Nd5 15. Rad1 Bd7 16. Nd4 h6 17. Bc1 Rad8 18. Qb3 Bxd4 19. Rxd4 Bc6 20. Rfd1 Nf6 21. Bf4 Nd5 22. Bxe5 Qxe5 23. c4 Nf4 24. Rxd8 Nxe2+ 25. Nxe2 Qxe2 26. Rxf8+ Kxf8 27. Qd3 Qxb2 28. Qd8+ Be8 29. Qxa5 Qb3 30. Qd2 Qxa4 31. c5 Kg8 32. h3 Bc6 33. Qd8+ Kh7 34. Qd3+ f5 35. Qd4 Qb3 36. Re1 Bd5 37. Re3 Qb5 38. Rg3 Qd7 39. Kh2 Qc7 40. f4 Qd7 41. Qe5 Qf7 42. h4 Bc6 43. Kg1 Bd5 44. h5 Be4 45. Rg6 Bd5 46. Kh2 Qe7 47. Kg1 Qxc5+ 48. Kh1 Qe7 49. Kg1 b5 50. Rg3 b4 51. Re3 Qf7 52. Rg3 b3 53. Qb2 Qc7 54. Kh2 Qb7 55. Kg1 Qf7 56. Qe5 Qf6 57. Qxf6 gxf6 58. Re3 b2 59. Re1 Be4 0-1

[Event "Titled Tuesday intern op 26th Sep Early"]
[Site "Chess.com INT"]
[Date "2023.09.26"]
[Round "2"]
[White "Tarasova, Viktoriya"]
[Black "Timofeev, Artyom"]
[Result "0-1"]
[WhiteElo "2226"]
[BlackElo "2576"]
[PlyCount "92"]
[EventDate "2023.09.26"]
[EventType "swiss (blitz)"]
[EventRounds "11"]
[EventCountry "USA"]
[SourceTitle "EXT 2024"]
[Source "ChessBase"]
[SourceDate "2023.10.10"]
[SourceVersion "1"]
[SourceVersionDate "2023.10.10"]
[SourceQuality "1"]

1. d4 e6 2. c4 Bb4+ 3. Nc3 Qe7 4. Nf3 Nf6 5. Qc2 d6 6. e4 Bxc3+ 7. bxc3 e5 8. Bd3 h6 9. 0-0 0-0 10. a4 c5 11. d5 Nh7 12. Nd2 Nd7 13. a5 Re8 14. Re1 Ndf8 15. Nf1 Ng6 16. g3 Bh3 17. Ne3 Ng5 18. Be2 Qd7 19. f3 Rf8 20. Nf5 Nh7 21. Bf1 Bxf1 22. Rxf1 Ne7 23. g4 h5 24. Qg2 hxg4 25. fxg4 g6 26. Bh6 Rfe8 27. h4 f6 28. Ng7 Rf8 29. Ne6 Rf7 30. Rf2 Kh8 31. Kh1 Rg8 32. Be3 f5 33. exf5 gxf5 34. g5 f4 35. Bd2 Nf5 36. Qg4 Nf8 37. Rg1 Nxe6 38. dxe6 Qxe6 39. h5 Rh7 40. g6 Rh6 41. Qg5 Kg7 42. Kg2 Rgh8 43. Rh1 Ng3 44. Rh4 Rxh5 45. Rxh5 Rxh5 46. Qd8 Qh3+ 0-1

[Event "Titled Tuesday intern op 26th Sep Early"]
[Site "Chess.com INT"]
[Date "2023.09.26"]
[Round "1"]
[White "Timofeev, Artyom"]
[Black "Bressy, Theo"]
[Result "0-1"]
[WhiteElo "2576"]
[BlackElo "2183"]
[PlyCount "112"]
[EventDate "2023.09.26"]
[EventType "swiss (blitz)"]
[EventRounds "11"]
[EventCountry "USA"]
[SourceTitle "EXT 2024"]
[Source "ChessBase"]
[SourceDate "2023.10.10"]
[SourceVersion "1"]
[SourceVersionDate "2023.10.10"]
[SourceQuality "1"]

1. c4 c5 2. Nf3 Nf6 3. Nc3 d5 4. cxd5 Nxd5 5. Qa4+ Nc6 6. Ne5 Nxc3 7. dxc3 Bd7 8. Nxd7 Qxd7 9. e4 0-0-0 10. Bb5 a6 11. Bxc6 Qxc6 12. Qxc6+ bxc6 13. Be3 e5 14. Ke2 f6 15. g4 Be7 16. h4 c4 17. h5 h6 18. Rhd1 Kc7 19. b3 Rxd1 20. Kxd1 Rd8+ 21. Kc2 cxb3+ 22. axb3 Kb7 23. b4 Rc8 24. Rd1 Kc7 25. Kb3 Rb8 26. Kc4 Rb5 27. Ra1 Kb7 28. Ra2 Bd6 29. Ra4 Be7 30. Ra5 Rxa5 31. bxa5 Kc7 32. Bc5 Bd6 33. Bxd6+ Kxd6 34. Kb4 c5+ 35. Kc4 Kc6 36. f3 Kd6 37. Kd3 Kc6 38. c4 Kd6 39. Ke3 Ke6 40. Kf2 Kd6 41. Kg3 Ke6 42. f4 Kd6 43. Kf3 Ke6 44. fxe5 Kxe5 45. Ke3 Kd6 46. Kf4 Ke6 47. e5 fxe5+ 48. Ke4 Kf6 49. Kd5 Kg5 50. Kxc5 e4 51. Kd4 Kf4 52. c5 e3 53. c6 e2 54. Kc5 e1Q 55. Kb6 Qb4+ 56. Kxa6 Qb8 0-1